| 000 | 00371pam a2200169a 44500 | ||
|---|---|---|---|
| 008 | 230405s2005 xxu||||| |||| 00| 0 eng d | ||
| 041 | _aENG | ||
| 100 | _aPRABHU | ||
| 245 | _aBLUETOOTH TECHNOLOGY | ||
| 250 | _a2005 | ||
| 260 |
_aNEW DELHI _bPHI LEARNING PUB _c2005 |
||
| 300 | _aP.B,XI,326 | ||
| 650 | _aCSE | ||
| 690 | _aCSE | ||
| 700 | _aREDDI | ||
| 906 | _a1680 | ||
| 999 |
_c815875 _d815875 |
||